| 000 | 01078nam a22002897a 4500 | ||
|---|---|---|---|
| 008 | 131121b xxu||||| |||| 00| 0 eng d | ||
| 020 | _a905095555X (Belgium) | ||
| 020 | _a3830511752 (Germany) | ||
| 020 | _a370830357I (Austria) | ||
| 041 | 0 | _aeng | |
| 080 |
_a342 _x(4) |
||
| 100 | _aGruber, Gunther ; Gruber, Thomas ; Mille, Annemarie ; | ||
| 245 | 1 | 0 |
_aPublic procurement in the European Union : _cby Gunther Gruber ... |
| 260 |
_aWien : _bNeuer Wissenschaftlicher Verlag ; _c2006 |
||
| 300 |
_a574 f. ; _c23 cm. |
||
| 500 | _aForeword : f. 3 - 4 | ||
| 505 | _aIndex : f. 573 - 574 | ||
| 650 | 0 |
_aQeveria _xLigji dhe legjislacioni _zVendet e Bashkimit Evropian |
|
| 650 | 0 |
_aKontratat publike _zVendet e Bashkimit Evropian |
|
| 650 | 0 |
_aDhënia me qira e kontratave _zVendet e Bashkimit Evropian |
|
| 650 | 0 |
_aKufizimi i tregtisë _zVendet e Bashkimit Evropian |
|
| 700 | _aGruber, Gunther Dr. ; | ||
| 700 | _aGruber, Thomas ; | ||
| 700 | _aMille, Annemarie Dr. ; | ||
| 700 | _aSachs, Michael ; | ||
| 942 |
_2udc _cBK |
||
| 999 |
_c339 _d339 |
||